THE EXTRACTION OF TEETH (Record no. 4370)

MARC details
000 -LEADER
fixed length control field 00361nam a2200145Ia 4500
008 - FIXED-LENGTH DATA ELEMENTS--GENERAL INFORMATION
fixed length control field 150201s1990 xx 000 0 und d
082 ## - DEWEY DECIMAL CLASSIFICATION NUMBER
Classification number 617.525
Item number E2009H
100 ## - MAIN ENTRY--PERSONAL NAME
Personal name HOWE,J.L
245 ## - TITLE STATEMENT
Title THE EXTRACTION OF TEETH
250 ## - EDITION STATEMENT
Edition statement 2ND
260 ## - PUBLICATION, DISTRIBUTION, ETC. (IMPRINT)
Name of publisher, distributor, etc. VARGHESE PUBLICATION
Place of publication, distribution, etc. DADAR(MUMBAI)
Date of publication, distribution, etc. 1990
300 ## - PHYSICAL DESCRIPTION
Extent Jan-94
650 ## - SUBJECT ADDED ENTRY--TOPICAL TERM
Topical term or geographic name as entry element ORAL SURGERY
942 ## - ADDED ENTRY ELEMENTS (KOHA)
Source of classification or shelving scheme Dewey Decimal Classification
Koha item type Books
Koha issues (borrowed), all copies 13
Holdings
Withdrawn status Lost status Source of classification or shelving scheme Damaged status Not for loan Home library Current library Date acquired Source of acquisition Cost, normal purchase price Serial Enumeration / chronology SGTU Bill Number Total Checkouts Full call number Barcode Date last seen Bill Date Koha item type Date last checked out
    Dewey Decimal Classification     SGT Dental Library SGT Dental Library 01/11/2009 U.B.S.DELHI 395.00 1 SGTU 671   617.525 E2009H FD5916 09/02/2015 27/02/2013 Books  
    Dewey Decimal Classification     SGT Dental Library SGT Dental Library 01/11/2009 U.B.S.DELHI 395.00 1 SGTU 671 13 617.525 E2009H FD5917 12/12/2024 27/02/2013 Books 07/12/2024